| 000 | 01745cam a22004814i 4500 | ||
|---|---|---|---|
| 003 | PE-LiUPU | ||
| 005 | 20250731165527.0 | ||
| 008 | 150623s r 000 0 d | ||
| 020 | _a842540777X | ||
| 035 | _a(Sirsi) i9788425407772 | ||
| 040 |
_aPE-LiUPU _bspa _cPE-LiUPU _erda |
||
| 049 | _aPRUA | ||
| 082 | 0 | 4 |
_a260.3 _bD36 _221 |
| 100 | 1 |
_aDe la Brosse, Olivier, _eautor. |
|
| 245 | 1 | 0 |
_aDiccionario del cristianismo / _cOlivier De la Brosse. |
| 264 | 1 |
_aBarcelona, España : _bEditorial Herder, _c1986. |
|
| 300 |
_a1103 páginas : _bilustraciones tablas ; _c22 centímetros |
||
| 336 |
_atext _2rdacontent |
||
| 337 |
_aunmediated _2rdamedia |
||
| 338 |
_avolume _2rdacarrier |
||
| 490 | 0 |
_aBiblioteca Herder; Sección de Teología y Filosofía ; _v131 |
|
| 505 | 0 | _aLa vida de la iglesia. -Los enunciados de la fe. -La iglesia de cara al mundo. -Las religiones del mundo. | |
| 526 | _aSEG44 | ||
| 526 | _aSEG26 | ||
| 526 | _aP151 | ||
| 526 | _aP150 | ||
| 526 | _aP149 | ||
| 526 | _aP146 | ||
| 526 | _aP145 | ||
| 526 | _aP126 | ||
| 526 | _aP125 | ||
| 526 | _aP92 | ||
| 526 | _aP75 | ||
| 526 | _aP74 | ||
| 526 | _aP27 | ||
| 526 | _aP15 | ||
| 942 |
_2ddc _cBOOK |
||
| 949 |
_aRC 260.3 D36 _wDEWEY _c1 _i28435 _d2015-11-3 _lCCODEBUL1 _mBUL _q3 _r0 _sY _tBOOK _u2015-6-24 _xTEOLOGIA _zUNKNOWN _0COMPRA _o.CIRCNOTE. No olvidar cambiar la fecha de devolución!!!!!!! _o.STAFF. Colección General |
||
| 994 |
_aC0 _bPEPRU |
||
| 596 | _a1 | ||
| 999 |
_aRC 260.3 D36 _wDEWEY _c36383 _i28435 _d36383 _f2021-11-8 _g6 _lCCODEBUL1 _mBUL _q8 _r1 _sY _tBOOK _u2015-6-24 _xTEOLOGIA _zUNKNOWN _0COMPRA _o.CIRCNOTE. No olvidar cambiar la fecha de devolución!!!!!!! _o.STAFF. Colección General |
||
| 980 |
_81 _gALBERTO SANCHEZ Responsable de Automatización |
||